000
00296nam a2200109Ia 4500
008
190216s9999||||xx |||||||||||||| ||und||
100
_a
Hakim Sayed Abdul Hai
245
0
_a
India Ruling Muslim Rules
260
_b
Academy Of Islamic Research And Publicat
650
_a
Islamic History
942
_c
BK
999
_c
22235
_d
22235